000 01001nam a2200229Ia 4500
001 A940-35641
003 IT-CnALBA
008 170116s9999||||xx |||||||||||||| ||und||
040 _aIT-CnALBA
_cIT-CnALBA
041 _aLATINO
100 _aLIVIO TITO
245 0 _aT. LIVII OPERA. TOMUS I.
250 _a1a ed.
260 _a VENEZIA. BASSANO
_bREMONDINI TIPOGRAFIA
_c1791 [1° Ed.:1791 - Ed.Ling.Originale: 1791]
300 _a454 p. (prefazione: 36)
500 _aLIBRI I VIII, STORIA DI ROMA DALLA FONDAZIONE DELLA CITTÀ. PREFAZIONE DI CREVIER. DISCORSO AI GIOVANI. CURATORE A. DRAKENBORG. NOTE GEOGRAFICHE DI CREVIER.
501 _aSocietà San Paolo EM - Piazza San Paolo, 14 - 12051 ALBA (CN) (non commercial uses only) ® Copyright 2017
520 _aLIBRI I VIII, STORIA DI ROMA DALLA FONDAZIONE DELLA CITTÀ. PREFAZIONE DI CREVIER. DISCORSO AI GIOVANI. CURATORE A. DRAKENBORG. NOTE GEOGRAFICHE DI CREVIER.
650 _aSTORIA ANTICA
942 _cBK
957 _71
999 _a40405
_bSI
_g Copie: 1
_c294468
_d294468